000 05951nam a2200277 4500
003 NALT
005 20250805142028.0
008 250722b th ||||| |||| 00| 0 tha d
040 _aNALT
086 _aสผ 17 7.3 629.2293 2567
110 2 _aสำนักงานเลขาธิการสภาผู้แทนราษฎร.
_bสำนักกรรมาธิการ 1.
_bกลุ่มงานคณะกรรมาธิการการอุตสาหกรรม.
_917150
245 1 0 _aรายงานผลการพิจารณาศึกษา เรื่อง การส่งเสริมอุตสาหกรรมยานยนต์ไฟฟ้าประเภทรถโดยสารและรถบรรทุก คณะกรรมาธิการการอุตสาหกรรม สภาผู้แทนราษฎร /
_cกลุ่มงานคณะกรรมาธิการการอุตสาหกรรม สํานักกรรมาธิการ 1 สํานักงานเลขาธิการสภาผู้แทนราษฎร.
260 _aกรุงเทพฯ :
_bกลุ่มงานคณะกรรมาธิการการอุตสาหกรรม สํานักกรรมาธิการ 1 สํานักงานเลขาธิการสภาผู้แทนราษฎร,
_c2567.
300 _a108 หน้า :
_bภาพประกอบ, ตาราง, แผนภูมิ ;
_c29 ซม.
505 0 _aรายงานผลการพิจารณาศึกษา -- 1. การดําเนินงาน -- 2. วิธีการพิจารณาศึกษา -- 3. ผลการพิจารณาศึกษา -- 1. บทนํา -- 1.1 ความเป็นมาและความสําคัญของปัญหา -- 1.2 คําถามในการศึกษา -- 1.3 วัตถุประสงค์ในการศึกษา -- 1.4 ขอบเขตด้านเนื้อหาของการศึกษา -- 1.5 ประโยชน์ที่คาดว่าจะได้รับ -- 1.6 นิยามศัพท์ปฏิบัติการ -- 2. ทบทวนวรรณกรรม -- 2.1 สถานการณ์การใช้พลังงานฟอสซิลและการปล่อยก๊าซเรือนกระจกโลก -- 2.2 สถานการณ์ยานยนต์ไฟฟ้า -- 2.3 สถานการณ์ยานยนต์ไฟฟ้าประเภทรถโดยสารและรถบรรทุก -- 2.4 สถานีชาร์จยานยนต์ไฟฟ้า -- 2.5 มาตรการส่งเสริม อุดหนุน และผลักดันการใช้ยานยนต์ไฟฟ้า -- 2.6 มาตรการส่งเสริม อุดหนุน และผลักดันการใช้ยานยนต์ไฟฟ้าสําหรับประเทศไทย -- 3. วิธีดําเนินการศึกษาวิจัย -- 3.1 ระเบียบวิธีการศึกษา -- 3.2 ผู้ให้ข้อมูลสําคัญ (Key Informant) -- 3.3 การเก็บรวบรวมข้อมูล – 3.4 การวิเคราะห์ข้อมูลและการรายงาน -- 3.5 ข้อจํากัดในการศึกษา -- 4. ผลการศึกษา -- 4.1 ข้อมูลจากหน่วยงานราชการที่เกี่ยวข้อง -- 4.2 ปัญหาและอุปสรรคของผู้ประกอบการ -- 4.3 กรณีศึกษาจากต่างประเทศ -- 4.4 รูปแบบการอุดหนุนและส่งเสริมยานยนต์ไฟฟ้าประเภทรถโดยสาร -- 4.5 รูปแบบการอุดหนุนและส่งเสริมการใช้รถบรรทุกไฟฟ้าเชิงพาณิชย์ -- 4.6 การบริหารจัดการแบตเตอร์รี่สําหรับรถไฟฟ้าเชิงพาณิชย์ -- 4.7 การจัดตั้งสถาบันอุตสาหกรรมพลังงานสะอาด (องค์การมหาชน) -- 4.8 กฎหมายไทยที่เกี่ยวข้องกับยานยนต์ไฟฟ้า ข้อจํากัด การปฏิรูปกฎหมาย -- 5. บทสรุปผลการศึกษา -- 5.1 สรุปผลการศึกษา -- 5.2 ข้อสังเกตของคณะกรรมาธิการ -- 5.3 ประโยชน์ที่คาดว่าจะได้รับจากมาตรการที่เสนอ.
610 2 4 _aคณะกรรมาธิการการอุตสาหกรรม สภาผู้แทนราษฎร
_xรายงาน
_966386
650 4 _aยานยนต์ไฟฟ้า
_957098
650 4 _aยานพาหนะไฟฟ้า
_966390
710 2 _aคณะกรรมาธิการการอุตสาหกรรม สภาผู้แทนราษฎร
_934841
850 _aNALT
856 4 0 _uhttps://prt.parliament.go.th/items/99828df3-7c50-4b05-ad3c-abd965c1b3e7
942 _cPAR
_2local
996 _anapasorn.k
_bLIBSTF
_c2025-07-22
996 _ajamriang.p
_bCATSTF
_c2025-08-05
999 _c107011
_d107011
998 _j1020
_k นางจำเรียง ระวังสำโรง